| 000 | 00626nas a2200229Ia 4500 | ||
|---|---|---|---|
| 001 | A50/R185-8672 [r000005905] | ||
| 003 | IT-MiCISF | ||
| 005 | 20251230154205.0 | ||
| 008 | 161014c99999999xx |||||||||||| ||und|| | ||
| 040 |
_aIT-MiCISF _cIT-MiCISF |
||
| 041 | _ait | ||
| 100 |
_aLiggeri Paolo _962992 |
||
| 245 | 0 | _aAlcune riflessioni in merito al problema della educazione sessuale | |
| 250 | _a"La casa", n. 4, luglio-agosto | ||
| 260 | _c1991 | ||
| 300 | _app. 224-228 | ||
| 500 | _a educazione-sessuale, problemi-educazione | ||
| 650 | _aEducazione | ||
| 654 | _aarticolo | ||
| 942 |
_cCR _2ddc |
||
| 999 |
_c241375 _d241375 |
||
| 999 | _bSi | ||